Elementos de semiología
Gespeichert in:
| 1. Verfasser: | |
|---|---|
| Format: | Buch |
| Sprache: | Undetermined |
| Veröffentlicht: |
Madrid, España
Alberto Corazón
1971
|
| Schlagworte: | |
| Tags: |
Tag hinzufügen
Keine Tags, Fügen Sie den ersten Tag hinzu!
|
MARC
| LEADER | 00000nam a2200000Ia 4500 | ||
|---|---|---|---|
| 008 | 170316s9999 xx 000 0 und d | ||
| 090 | |a 801 B-7el | ||
| 100 | |a Barthes, Roland | ||
| 245 | |a Elementos de semiología | ||
| 260 | |a Madrid, España | ||
| 260 | |b Alberto Corazón | ||
| 260 | |c 1971 | ||
| 300 | |a 102 páginas | ||
| 650 | |a TEORÍA LITERARIA | ||
| 650 | |a SEMIÓTICA | ||
| 650 | |a ELEMENTOS DE SIGNOS | ||
| 650 | |a LENGUA | ||
| 650 | |a HABLA | ||
| 650 | |a SIGNIFICADO | ||
| 650 | |a SIGNIFICANTE | ||
| 999 | |c 20125 |d 20125 | ||
| 040 | |a cru BVZT | ||
| 942 | |c 15 D |h 801 B-7el |2 z | ||
